[Event "Lyon Rhone op"]
[Site "Lyon"]
[Date "2006.??.??"]
[Round "2"]
[White "Benitah, Yohan"]
[Black "Monneret, Guy"]
[Result "1/2-1/2"]
[WhiteElo "2082"]
[BlackElo "2417"]
[PlyCount "50"]
[EventDate "2006.04.??"]
[EventType "swiss"]
[EventRounds "9"]
[EventCountry "FRA"]
[SourceTitle "EXT 2007"]
[Source "ChessBase"]
[SourceDate "2006.11.23"]
[SourceVersion "1"]
[SourceVersionDate "2006.11.23"]
[SourceQuality "1"]

1. d4 d5 2. Nf3 Nf6 3. c4 c6 4. e3 a6 5. Bd3 e6 6. b3 Nbd7 7. 0-0 b5 8. c5 Ne4 9. Bxe4 dxe4 10. Nfd2 f5 11. f3 exf3 12. Qxf3 Qc7 13. e4 Nf6 14. a4 Rb8 15. axb5 axb5 16. e5 Nd5 17. Nc3 Nxc3 18. Qxc3 Be7 19. b4 0-0 20. Bb2 Qd7 21. Qf3 Qd5 22. Qxd5 exd5 23. Ra7 Bg5 24. Nf3 Bd8 25. Rfa1 g5 1/2-1/2